Who's That protagonist? - Statistics

General Stats
  • This quiz has been taken 50 times
  • The average score is 9 of 16
Answer Stats
Picture Answer % Correct
Indiana Jones
98%
Scooby-Doo
98%
Luke Skywalker
88%
Marty McFly
88%
Frodo Baggins
75%
Sherlock Holmes
73%
Ace Ventura
70%
Bilbo Baggins
70%
Jack Skellington
58%
James Kirk
55%
Newt Scamander
38%
Narrator/Tyler Durden
35%
Ethan Hunt
23%
Peter Parker
23%
Jen
5%
Charles Van Doren
3%
No matching quizzes found
Score Distribution
Percent of People with Each Score
Percentile by Number Answered
Your Score History
You have not taken this quiz